01562nam a2200397 i 450000100060000000300080000600500170001400600190003100700150005000800410006502000180010602000280012403500220015204000310017405000260020508000100023108200160024124500820025726400370033930000410037633600290041733700330044633800390047949000580051850400290057658800830060559001620068860000520085065500270090270000440092970000340097379700180100783000590102585600630108499900170114785617FINmELB20241217171415.0m o u cr cn|||||||||220227s2022 sp ob 000 0 spa d z9786078683826 a9786078683918q(e-book) a(OCoLC)1373951140 aFINmELBbspaerdacFINmELB14aB2430.D484bP418 2022 a1(44)04a194.09222300aPensar tras Derrida /cMiriam Jerade, Rosaura Martínez Ruiz, coordinadoras. 1aMadrid :bEdiciones Akal,c2022. a1 recurso en línea (299 páginas) atextobtxt2rdamedia/spa acomputadorabc2rdamedia/spa arecurso en línea2rdacarrier/spa1 aColección Akadémica. Filosofía, Arte, Crítica aContiene bibliografía. aDescripción basada en metadatos suministrados por el editor y otras fuentes. aRecurso electrónico. Santa Fe, Arg.: elibro, 2021. Disponible vía World Wide Web. El acceso puede estar limitado para las bibliotecas afiliadas a elibro.10aDerrida, JacquesxCrítica e interpretación. 4aLibros electrónicos.1 aMartínez Ruiz, Rosaura,ecoordinador.1 aJerade, Miriam,ecoordinador.2 aelibro, Corp. 0aColección Akadémica. Filosofía, Arte, Crítica.40uhttps://elibro.net/ereader/politecnicointernacional/227144 c85617d85617